000 00459nam a2200169 a 4500
001 9304
003 CO-ViMGA
008 141112s2004 ck r 000 u spa d
040 _aCO-ViMGA
_bspa
_cCO-ViMGA
082 0 4 _a986.105 D35g
100 1 _aDe Mier ; Jose María.,
_910040
245 1 0 _aLa Gran Colombia.
260 _aBogotá :
_bPresidencia de la República,
_c1983
300 _a7v
650 1 4 _aDECRETOS, TRATADOS, CONVENIOS.
_910041
942 _2ddc
_cBK
999 _c20837
_d20837